| 000 | 01036 am a22003258a 4500 | ||
|---|---|---|---|
| 999 |
_c16872 _d16872 |
||
| 001 | 010978437 | ||
| 003 | EG-ScBUE | ||
| 005 | 20210321110826.0 | ||
| 008 | 020627t2001 enkac f 001 0beng d | ||
| 020 | _a9780413771360 | ||
| 040 |
_aStDuBDS _beng _erda _dUk _cEG-ScBUE |
||
| 082 | 0 | 4 |
_a822.914 _bALL _221 |
| 100 | 1 |
_aAllen, Paul, _d1942- _eauthor. _930600 |
|
| 245 | 1 | 0 |
_aAlan Ayckbourn : _bgrinning at the edge / _ca biography by Paul Allen. |
| 264 | 1 |
_aLondon : _bMethuen Drama, _c[2001] |
|
| 264 | 1 | _cc2001 | |
| 300 |
_ax, 337 pages : _billustrations, portraits ; _c20 cm. |
||
| 336 |
_2rdacontent _atext _btxt |
||
| 337 |
_2rdamedia _aunmediated _bn |
||
| 338 |
_2rdacarrier _avolume _bnc |
||
| 490 | 0 | _aMethuen drama | |
| 500 | _aOriginally published: 2001. | ||
| 500 | _aIncludes index. | ||
| 600 | 1 | 7 |
_aAyckbourn, Alan, _d1939- _2BUEsh _930601 |
| 650 | 7 |
_aDramatists, English _y20th century _vBiography. _2BUEsh _930602 |
|
| 651 | _2BUEsh | ||
| 653 |
_cJuly2012 _bHHUUEENN |
||
| 655 |
_vReading book _934232 |
||
| 942 |
_2ddc _cBB |
||